Statistieken voor Kaart van Engeland Quiz

Klik hier om de quiz te nemen!

Algemene statistieken

  • Deze quiz is 799 keer genomen
  • De gemiddelde score is 20 van 47

Antwoorden op de kaart

Antwoorden kleurgecodeerd door een groen-rode schaal op de quizkaart volgens % correct hieronder.
 

Antwoordstatistieken

Antwoord% Correct
Cornwall
66%
Groot-Londen
63%
Bristol
54%
Devon
53%
Wight
51%
Groot-Manchester
50%
Kent
49%
East Sussex
48%
Dorset
47%
Essex
47%
Norfolk
46%
Northumberland
46%
West Sussex
46%
Cumbria
45%
North Yorkshire
45%
East Riding of Yorkshire
44%
Somerset
44%
Suffolk
44%
Merseyside
43%
Cambridgeshire
42%
Oxfordshire
42%
Tyne and Wear
42%
Buckinghamshire
41%
Lincolnshire
41%
South Yorkshire
41%
Surrey
41%
Rutland
40%
Hampshire
39%
West Yorkshire
39%
Bedfordshire
38%
Cheshire
38%
Durham
38%
Gloucestershire
38%
Berkshire
37%
West Midlands
37%
Wiltshire
37%
Northamptonshire
36%
Nottinghamshire
36%
Derbyshire
35%
Lancashire
35%
Warwickshire
35%
Leicestershire
34%
Herefordshire
33%
Hertfordshire
33%
Worcestershire
33%
Shropshire
32%
Staffordshire
32%

Scoreverdeling

Percentiel versus Aantal Correcte Antwoorden

Procent van Mensen met Elke Score

Uw Scoregeschiedenis

U heeft deze quiz nog niet genomen